[Event "AUTO-MASTER-3304"]
[Site "http://www.queenalice.com/game.php?id=1872684"]
[Date "2026.4.30"]
[Round "1"]
[White "rviana"]
[Black "josebaron"]
[Result "1/2-1/2"]
[WhiteElo "2062"]
[BlackElo "2199"]

1. d4 d5 2. c4 dxc4 3. Nf3 Nc6 4. e3 Nf6 5. Bxc4 Bg4 6. O-O e6 7. Nbd2 Bb4 8.
Qb3 O-O 9. h3 Bxf3 10. Nxf3 Rb8 11. Bd2 Bxd2 12. Nxd2 Na5 13. Qa4 Nxc4 14. Qxc4
b5 15. Qc5 a5 16. Rac1 Qd5 17. Nb3 a4 18. Qxd5 Nxd5 19. Nc5 Rfd8 20. Rfd1 Rb6
21. Nd3 c6 22. Rc5 Kf8 23. Rdc1 Rd6 24. Ne5 Ne7 25. Kf1 f6 26. Nd3 Nd5 27. Ke2
Kf7 28. e4 Ne7 29. Ke3 Rb8 30. Nb4 Rbd8 31. Nxc6 Nxc6 32. Rxc6 Rxd4 33. R1c2 Rb4
34. Rb6 e5 35. h4 h5 36. g3 1/2-1/2

[Event "AUTO-MASTER-3304"]
[Site "http://www.queenalice.com/game.php?id=1872685"]
[Date "2026.4.30"]
[Round "1"]
[White "josebaron"]
[Black "rviana"]
[Result "1/2-1/2"]
[WhiteElo "2208"]
[BlackElo "2068"]

1. e4 c6 2. Nf3 d5 3. exd5 cxd5 4. d4 Bf5 5. Bb5+ Nc6 6. Bxc6+ bxc6 7. O-O e6 8.
Re1 Bd6 9. c3 Nf6 10. Bg5 O-O 11. Ne5 Qc7 12. Bxf6 gxf6 13. Ng4 Bxg4 14. Qxg4+
Kh8 15. Qh4 Qe7 16. Nd2 f5 17. Qh5 Qf6 18. Nf3 Qg6 19. Qxg6 hxg6 20. Ne5 Bxe5
21. Rxe5 Kg7 22. f4 Kf6 23. b4 g5 24. fxg5+ Kxg5 25. a4 Rfe8 26. a5 f6 27. Re2
Re7 28. Rae1 Rae8 29. g3 e5 30. Kf2 e4 31. h3 Rh8 32. Kg2 a6 33. Re3 Reh7 34.
Rh1 Rh6 35. Ree1 f4 36. gxf4+ Kxf4 37. Rhf1+ Kg5 38. Re3 f5 39. Rg3+ Kf6 40. Rf4
Rg6 41. Rxg6+ Kxg6 42. h4 Rh6 43. Kf2 Rh7 44. Ke3 1/2-1/2

[Event "AUTO-MASTER-3304"]
[Site "http://www.queenalice.com/game.php?id=1872686"]
[Date "2026.4.30"]
[Round "1"]
[White "rviana"]
[Black "Capixabba789"]
[Result "1-0"]
[WhiteElo "2067"]
[BlackElo "1826"]

1. d4 Nf6 2. c4 e6 3. Nf3 Be7 4. e3 d5 5. cxd5 Nxd5 6. Bc4 c6 7. O-O O-O 8. Nc3
Nd7 9. Bd2 N7f6 10. Re1 Bd7 11. a3 Nxc3 12. Bxc3 Nd5 13. Qc2 b5 14. Bd3 c5 15.
Bxh7+ Kh8 16. dxc5 Nf6 17. Bd3 a6 18. b4 Bc6 19. Ne5 Bd5 20. e4 Bb7 21. Re3 Rb8
22. Rh3+ Kg8 23. Rd1 Qc7 24. Qe2 Rfd8 25. Ng4 e5 26. Nxf6+ Bxf6 27. Qh5 Kf8 28.
Bc2 Rxd1+ 29. Qxd1 Rd8 30. Rh8+ Ke7 31. Rxd8 Qxd8 32. Qxd8+ Kxd8 33. f4 exf4 34.
Bxf6+ gxf6 35. Kf2 Ke7 36. Kf3 Kf8 37. Kxf4 Kg7 38. g3 1-0

[Event "AUTO-MASTER-3304"]
[Site "http://www.queenalice.com/game.php?id=1872687"]
[Date "2026.4.30"]
[Round "1"]
[White "Capixabba789"]
[Black "rviana"]
[Result "1-0"]
[WhiteElo "1834"]
[BlackElo "2088"]

1. d4 Nf6 2. c4 e6 3. Nc3 d5 4. f4 Be7 5. c5 O-O 6. Nf3 b6 7. cxb6 axb6 8. e3 c5
9. Be2 Bd7 10. O-O Nc6 11. Ne5 Nxe5 12. fxe5 Ne4 13. Nxe4 dxe4 14. d5 b5 15. d6
Bg5 16. Qe1 f6 17. Qg3 f5 18. Bd2 Bh4 19. Qh3 Bg5 20. g4 g6 21. a3 Qb6 22. Kh1
c4 23. gxf5 exf5 24. Rfe1 Qc6 25. Bc3 f4 26. Bg4 Bf5 27. Bxf5 Rxf5 28. exf4 Bxf4
29. Rg1 e3+ 30. Rg2 Bxe5 31. Qxf5 1-0

[Event "AUTO-MASTER-3304"]
[Site "http://www.queenalice.com/game.php?id=1872688"]
[Date "2026.4.30"]
[Round "1"]
[White "rviana"]
[Black "maurice916"]
[Result "1-0"]
[WhiteElo "2081"]
[BlackElo "1849"]

1. c4 c6 2. Nc3 Nf6 3. d4 d5 4. Nf3 e6 5. e3 Bb4 6. Qb3 a5 7. Bd3 dxc4 8. Bxc4
b5 9. Bd3 a4 10. Qxb4 Qa5 11. Qxa5 Rxa5 12. Bd2 Ra8 13. Ne4 Bb7 14. Nd6+ Ke7 15.
Nxb7 Nbd7 16. Bb4+ c5 17. Nxc5 Nxc5 18. Bxc5+ Kd8 19. Bxb5 1-0

[Event "AUTO-MASTER-3304"]
[Site "http://www.queenalice.com/game.php?id=1872689"]
[Date "2026.4.30"]
[Round "1"]
[White "maurice916"]
[Black "rviana"]
[Result "0-1"]
[WhiteElo "1889"]
[BlackElo "2074"]

1. Nf3 g6 2. d4 Bg7 3. c4 Nf6 4. Nc3 O-O 5. g3 d5 6. cxd5 Nxd5 7. Bg2 c6 8. O-O
Nd7 9. e4 N5b6 10. Be3 Nc4 11. Qb3 Ndb6 12. Rfd1 Nxe3 13. fxe3 Kh8 14. d5 c5 15.
Qc2 Nc4 16. Re1 Ne5 17. Nxe5 Bxe5 18. Rf1 Bd7 19. Rac1 b6 20. a3 Qc7 21. a4 Kg8
22. Ne2 Qd6 23. Nf4 g5 24. Nd3 f6 25. Nxe5 Qxe5 26. Rf2 Kg7 27. Rcf1 h5 28. b3
h4 29. gxh4 gxh4 30. Bf3 h3 31. Kh1 Kh6 32. Be2 Rg8 33. Bc4 Rg5 34. Rf4 Rag8 35.
Qd1 Rg2 36. Rh4+ Kg7 37. d6 Rh8 38. Rxh8 Kxh8 39. Rf4 exd6 40. Rf5 Qxh2# 0-1

[Event "AUTO-OPEN-4650"]
[Site "http://www.queenalice.com/game.php?id=1872769"]
[Date "2026.5.2"]
[Round "1"]
[White "chessman"]
[Black "rviana"]
[Result "1-0"]
[WhiteElo "2088"]
[BlackElo "2134"]

1. e4 c6 2. d4 d5 3. e5 Bf5 4. Nf3 e6 5. c3 Nd7 6. Bd3 Ne7 7. O-O c5 8. Bxf5
Nxf5 9. Re1 cxd4 10. cxd4 Bb4 11. Nc3 O-O 12. h3 Qa5 13. Bd2 Rac8 14. a3 Be7 15.
Be3 Nxe3 16. Rxe3 h6 17. Rc1 a6 18. Qd3 b5 19. Re2 Qd8 20. Rce1 Nb6 21. Nh2 Nc4
22. f4 Qc7 23. Rc1 Qd7 24. Nf3 Rc7 25. g4 Rc6 26. f5 Bg5 27. Nxg5 hxg5 28. Rf1
f6 29. fxe6 Rxe6 30. exf6 Rxe2 31. Qxe2 Rxf6 32. Rxf6 gxf6 33. Kg2 Kf7 34. Qd3
Qe6 35. Qh7+ Kf8 36. Qh8+ Ke7 37. Qg7+ Qf7 38. Nxd5+ Ke6 39. Nc7+ Ke7 40. Qxf7+
Kxf7 41. Nxa6 Nxb2 42. Nc7 Nc4 43. Nxb5 Nb6 44. Kf3 Ke6 45. Ke4 1-0

[Event "AUTO-OPEN-4650"]
[Site "http://www.queenalice.com/game.php?id=1872770"]
[Date "2026.5.2"]
[Round "1"]
[White "rviana"]
[Black "chessman"]
[Result "1/2-1/2"]
[WhiteElo "2126"]
[BlackElo "2108"]

1. c4 c6 2. d4 d5 3. Nf3 Nf6 4. e3 e6 5. Nc3 Be7 6. Bd3 O-O 7. O-O a6 8. Bd2 Re8
9. Rc1 Nbd7 10. cxd5 exd5 11. Re1 Nf8 12. a3 h6 13. Na4 b5 14. Nc5 Bxc5 15. dxc5
Bg4 16. Be2 Ne4 17. h3 Nxd2 18. Qxd2 Bxf3 19. Bxf3 Ne6 20. b4 a5 21. e4 dxe4 22.
Qxd8 Raxd8 23. Bxe4 axb4 24. Bxc6 bxa3 25. Bxe8 Rxe8 26. c6 b4 27. Rb1 Rb8 28.
Rxe6 fxe6 29. c7 Rc8 30. Rxb4 Rxc7 31. Ra4 Rc3 32. Kf1 Kf7 33. Ke1 Kf6 34. Kd2
Rb3 35. g3 g5 36. Ke2 h5 37. Ra5 Rb2+ 38. Kf3 a2 39. g4 hxg4+ 40. hxg4 1/2-1/2

[Event "AUTO-OPEN-4650"]
[Site "http://www.queenalice.com/game.php?id=1872813"]
[Date "2026.5.2"]
[Round "1"]
[White "rviana"]
[Black "Carlos19"]
[Result "1-0"]
[WhiteElo "2079"]
[BlackElo "1610"]

1. d4 Nf6 2. c4 c6 3. Nf3 d5 4. e3 e6 5. Be2 dxc4 6. Bxc4 h6 7. O-O b5 8. Bd3 a5
9. Nc3 b4 10. Ne4 Ba6 11. Bxa6 Nxa6 12. Nxf6+ Qxf6 13. Bd2 Rd8 14. Qa4 Rc8 15.
Qxa5 Ra8 16. Rac1 Kd7 17. Ne5+ Kd6 18. Rxc6+ Ke7 19. Rxa6 Rxa6 20. Qxa6 Qg5 21.
Bxb4+ Kf6 22. Nd7+ Kf5 23. Nxf8 h5 24. Nd7 h4 25. Qb5+ Kg6 26. Qxg5+ Kh7 27.
Qxh4+ Kg8 28. Qxh8+ Kxh8 29. a4 f5 30. a5 g5 31. a6 1-0

[Event "AUTO-OPEN-4650"]
[Site "http://www.queenalice.com/game.php?id=1872814"]
[Date "2026.5.2"]
[Round "1"]
[White "Carlos19"]
[Black "rviana"]
[Result "0-1"]
[WhiteElo "1551"]
[BlackElo "2090"]

1. e4 c6 2. Bc4 d5 3. exd5 cxd5 4. Bb5+ Nc6 5. d4 Bf5 6. Bxc6+ bxc6 7. Nc3 e6 8.
Nf3 Bb4 9. a3 Bxc3+ 10. bxc3 Nf6 11. Ne5 Qc7 12. O-O O-O 13. c4 Nd7 14. g4 Nxe5
15. gxf5 Nxc4 16. c3 e5 17. a4 e4 18. Qg4 Qd6 19. Bf4 Qf6 20. Bg5 Qd6 21. f6 g6
22. Qh4 Kh8 23. Rfe1 Nd2 24. Bxd2 Qe6 25. f4 Rab8 26. h3 Rb2 27. Bc1 Rc2 28. Ra3
Qf5 29. Be3 Rb8 30. Rc1 Rxc1+ 31. Bxc1 Rb1 32. Qe1 Qxf6 33. Qd2 Qd6 34. Qc2 Qxa3
35. Qxb1 Qxc3 36. Qb8+ Kg7 37. Qe5+ f6 38. Qe7+ Kh6 39. f5+ Qxc1+ 40. Kg2 Qg5+
41. Kh2 Qxf5 42. Qxa7 Qf2+ 43. Kh1 e3 44. Qc5 e2 0-1

[Event "AUTO-MASTER-3306"]
[Site "http://www.queenalice.com/game.php?id=1873738"]
[Date "2026.5.21"]
[Round "1"]
[White "Tonto"]
[Black "rviana"]
[Result "1-0"]
[WhiteElo "1954"]
[BlackElo "2139"]

1. e4 c6 2. Be2 d5 3. e5 Bf5 4. Nf3 e6 5. d4 Ne7 6. Bg5 Nd7 7. Nc3 h6 8. Bh4 Qb6
9. b3 O-O-O 10. O-O f6 11. exf6 Nxf6 12. Ne5 Bg6 13. Na4 Qc7 14. Nc5 Be8 15.
Nxe6 Qd6 16. Nxd8 Qxd8 17. Bg4+ Nxg4 18. Qxg4+ Kc7 19. Bg3 Kb6 20. c4 h5 21. Qe2
Nf5 22. c5+ Bxc5 23. dxc5+ Kxc5 24. Rac1+ Kb6 25. h4 Nxh4 26. Qe3+ Ka6 27. b4
Nf5 28. Qc5 Qb6 29. a4 Qxc5 30. Rxc5 Nxg3 31. fxg3 Kb6 32. a5+ Kc7 33. Rfc1 Kd6
34. Nf3 Bd7 35. Ng5 Rf8 36. Rf1 Rxf1+ 37. Kxf1 Bf5 38. Nf7+ Ke7 39. Ne5 Ke6 40.
Nf3 Bd3+ 41. Kf2 Bc4 42. g4 hxg4 43. Nd2 Bb5 44. Nb3 Kd6 45. Nd4 b6 46. Nxb5+
cxb5 47. axb6 axb6 48. Rc1 d4 49. Ke2 Kd5 50. Kd3 g6 51. Rf1 Ke5 52. g3 1-0

[Event "AUTO-MASTER-3306"]
[Site "http://www.queenalice.com/game.php?id=1873739"]
[Date "2026.5.21"]
[Round "1"]
[White "rviana"]
[Black "Tonto"]
[Result "1-0"]
[WhiteElo "2121"]
[BlackElo "1970"]

1. d4 d5 2. c4 Nf6 3. Nc3 e6 4. e3 Bb4 5. Bd2 O-O 6. Qb3 Ba5 7. Nf3 Bxc3 8. bxc3
c6 9. Bd3 Nbd7 10. O-O b6 11. cxd5 cxd5 12. Rfc1 Re8 13. c4 Bb7 14. c5 e5 15. c6
Bxc6 16. Rxc6 e4 17. Ne1 exd3 18. Nxd3 Ne4 19. Be1 Ndf6 20. Rac1 Nd6 21. Nf4 Ng4
22. Qxd5 Qe7 23. Qxd6 Qh4 24. h3 Nh6 25. f3 Qg5 26. h4 Qf5 27. Nd5 Qd3 28. Bf2
Rad8 29. Rc8 Rxc8 30. Rxc8 Qd1+ 31. Kh2 Qa4 32. Rxe8+ Qxe8 33. Qxh6 Qd8 34. Qh5
h6 35. Qe5 b5 36. Nc7 b4 37. Qe8+ Qxe8 38. Nxe8 1-0

[Event "AUTO-MASTER-3306"]
[Site "http://www.queenalice.com/game.php?id=1873750"]
[Date "2026.5.21"]
[Round "1"]
[White "maurice916"]
[Black "rviana"]
[Result "0-1"]
[WhiteElo "1902"]
[BlackElo "2129"]

1. Nf3 e6 2. c4 Nf6 3. b3 c5 4. Bb2 Be7 5. e3 O-O 6. Be2 Nc6 7. O-O d5 8. cxd5
exd5 9. Ne5 Nxe5 10. Bxe5 Bd6 11. Bxd6 Qxd6 12. d4 b6 13. Nd2 Bf5 14. Nf3 Be4
15. Ne5 Nd7 16. Nxd7 Qxd7 17. f3 Bg6 18. a4 f6 19. Bb5 Qe7 20. dxc5 Qxc5 21. Re1
a6 22. Bf1 Rfd8 23. Rc1 Qb4 24. Kh1 Rac8 25. Qd4 Qxd4 26. exd4 a5 27. Bb5 Kf8
28. Rc6 Rxc6 29. Bxc6 Bc2 30. Re3 Rc8 31. Rc3 Bxb3 32. Rxb3 Rxc6 33. h3 Ke7 34.
Kg1 Kd7 35. Kf2 Kc7 36. Ke3 Rc4 37. Ra3 g5 38. g3 h5 39. Kd3 Kc6 40. g4 h4 41.
Ra2 b5 42. axb5+ Kxb5 43. Rb2+ Ka6 44. Rb3 a4 45. Rb2 Ka5 46. Rb8 a3 47. Rf8 Ka4
48. Rxf6 a2 49. Ra6+ Kb3 50. Rxa2 Kxa2 51. f4 Rc6 52. f5 Kb3 53. Kd2 Rc3 54. f6
Rxh3 0-1

[Event "AUTO-MASTER-3306"]
[Site "http://www.queenalice.com/game.php?id=1873759"]
[Date "2026.5.21"]
[Round "1"]
[White "JailtonMaster"]
[Black "rviana"]
[Result "0-1"]
[WhiteElo "2197"]
[BlackElo "2121"]

1. d4 Nf6 2. c4 d5 3. Nc3 e6 4. Bg5 Be7 5. e3 O-O 6. Nf3 h6 7. Bh4 Nc6 8. Bd3
dxc4 9. Bxc4 a6 10. O-O b5 11. Bd3 Bb7 12. Rc1 Nb4 13. Bb1 c5 14. a3 cxd4 15.
Nxd4 Nbd5 16. Nxd5 Nxd5 17. Bxe7 Qxe7 18. Nc6 Bxc6 19. Qc2 g6 20. Qxc6 Kg7 21.
Qc2 Nb6 22. Rfd1 Nc4 23. Rd4 Rfc8 24. Qe2 Na5 25. Rcd1 Rc7 26. Qf3 Rac8 27. h4
Nc4 28. h5 Nxb2 29. Rf1 Nc4 30. hxg6 Ne5 31. Qh5 Nxg6 32. Rg4 Qf6 33. e4 Rc5 34.
Qh2 Rc1 35. Bd3 Rxf1+ 36. Kxf1 Rc1+ 37. Ke2 Qb2+ 38. Kf3 Qc3 39. Qe5+ Qxe5 0-1

[Event "AUTO-ADV-4931"]
[Site "http://www.queenalice.com/game.php?id=1873824"]
[Date "2026.5.22"]
[Round "2"]
[White "maurice916"]
[Black "rviana"]
[Result "0-1"]
[WhiteElo "1851"]
[BlackElo "2125"]

1. Nf3 c5 2. b3 Nf6 3. Bb2 Nc6 4. e3 d5 5. Bb5 Bd7 6. O-O g6 7. d4 Bg7 8. dxc5
O-O 9. a4 a6 10. Be2 Qc7 11. Na3 Rad8 12. Nd4 e5 13. Nf3 Nb4 14. c3 Nc6 15. b4
Rfe8 16. b5 Na5 17. c6 Be6 18. cxb7 Qxb7 19. Qd2 Nb3 20. bxa6 Qa8 21. Qc2 Nxa1
22. Rxa1 Nd7 23. Bb5 Rc8 24. Qe2 Re7 25. Nc2 Nb6 26. Nb4 Nc4 27. Nc6 Rec7 28.
Ne1 Rxc6 29. Bxc6 Rxc6 30. Nd3 Rxa6 31. Nc5 Ra5 32. Nxe6 fxe6 33. Qc2 Nxb2 34.
Qxb2 Rxa4 35. Rxa4 Qxa4 36. h3 h5 37. f3 Qd7 38. Qd2 Bf8 39. f4 exf4 40. exf4
Bc5+ 41. Kf1 Qb5+ 42. Qe2 Qxe2+ 43. Kxe2 Kf7 44. Kd3 Kf6 45. c4 h4 46. cxd5 exd5
47. Ke2 Kf5 48. Kf3 d4 49. g4+ hxg3 50. Kxg3 Ke4 51. h4 d3 0-1